1976 : Agenda for Tomorrow /

Guardado en:
Detalles Bibliográficos
Autor principal: Udall, Stewart L. (autor)
Formato: Libro
Idioma:Inglés
Publicado: Nueva York, EUA : Harcourt, Brace and World, 1968, c1968
Etiquetas: Agrega una etiqueta
Sin etiquetas, Sé el primero en etiquetar este registro!

MARC

LEADER 00000nam^a2200000^a^4500
001 000432502
005 20250526000000.0
009 20260310123016.029
037 |a Acervo ITESO - Biblioteca 
041 |a ING 
091 |a FHM. 06052 
100 |a Udall, Stewart L.  |e (autor) 
245 1 0 |a 1976 :  |b Agenda for Tomorrow / 
264 4 |a Nueva York, EUA :  |b Harcourt, Brace and World,  |c 1968, c1968 
300 |a XV, 173 p. ;  |c 21.0 cm. 
336 |a texto  |b txt  |2 rdacontenido 
337 |a sin mediación  |b n  |2 rdamedio 
338 |a volumen  |b nc  |2 rdasoporte 
649 |a XX 
910 |a Fondo Hugo B. Margáin 
920 |a Impresos - Libros 
930 |a Libros Antiguos y Raros 
905 |a 126 
901 |a 0500349737  |b IT2  |c LRA  |i D104235  |u 20250526 
902 |a https://opac.biblio.iteso.mx/vufind/Record/000432502